Radiačná odolnosť polovodičových štruktúr pre fotovoltické aplikácie

Na minha lista:
Detalhes bibliográficos
Autor principal: Ritomský, Mário (Author)
Outros Autores: Stuchlíková, Ľubica (Thesis advisor)
Formato: Manuscrito Livro
Idioma:eslovaco
Publicado em: 2016
Assuntos:
Acesso em linha:http://is.stuba.sk/zp/portal_zp.pl?podrobnosti=106960
Tags: Adicionar Tag
Sem tags, seja o primeiro a adicionar uma tag!

MARC

LEADER 00000ntm a22000003a 4500
001 stuzp53067
003 SK-STU
005 20160719154353.0
007 ta
008 150427s2015----xo-----f-mn---000-0-slo-d
040 |a STU  |b slo 
041 0 |a slo 
044 |a xo 
100 1 |a Ritomský, Mário  |u 033000  |4 aut  |U FEI Fakulta elektrotechniky a informatiky  |T FEI Ústav elektroniky a fotoniky  |X 72653  |U E030  |Y 549  |7 72653 
242 0 1 |a Radiation resistance of semiconductor structures for photovoltaic applications  |y eng 
245 1 0 |a Radiačná odolnosť polovodičových štruktúr pre fotovoltické aplikácie 
260 |c 2016 
300 |a 41 s.,  |b CD-ROM 
650 4 |a DLTS  |2 slo 
650 4 |a DLTFS  |2 slo 
650 4 |a radiácia  |2 slo 
650 4 |a DLTS  |2 eng 
650 4 |a DLTFS  |2 eng 
650 4 |a radiation  |2 eng 
700 1 |a Stuchlíková, Ľubica  |u 033000  |k Z1  |4 ths  |U FEI Fakulta elektrotechniky a informatiky  |T FEI Ústav elektroniky a fotoniky  |X 1997  |U E030  |Y 549  |7 A000001997 
856 4 |u http://is.stuba.sk/zp/portal_zp.pl?podrobnosti=106960 
996 |b 284ER01998  |c E*Bc- 1998  |l EE33  |s P  |a 0  |w stuzp53067_0001 
SQL |a stuzp53067  |b DBP  |c SLO  |d Radiačná odolnosť polovodičových štruktúr pre fotovoltické aplikácie  |e 72653  |f Ritomský, Mário  |g 033000  |h 1997  |i Stuchlíková, Ľubica  |j 20160707  |k 75  |l 03  |m http://is.stuba.sk/zp/portal_zp.pl?podrobnosti=106960  |n B-ELN  |o 5.2.13. elektronika